Normal view
MARC view
- Institut Maritim Malaysia
Entry Corporate Name
001 - CONTROL NUMBER
- control field: 4680
003 - CONTROL NUMBER IDENTIFIER
- control field: OSt
005 - DATE AND TIME OF LATEST TRANSACTION
- control field: 20170515155555.0
008 - FIXED-LENGTH DATA ELEMENTS
- fixed length control field: 170515|| aca||aabn | a|a d
040 ## - CATALOGING SOURCE
- Original cataloging agency: OSt
- Transcribing agency: OSt
110 ## - HEADING--CORPORATE NAME
- Corporate name or jurisdiction name as entry element: Institut Maritim Malaysia
670 ## - SOURCE DATA FOUND
- Source citation: Work cat.: (OSt)0: Faust, Peter 4676, Maritime transport market and policy developments /, 1998

PORTAL AKMAL
E-MEL JKDM
AKMAL2U
G-BAM
u-PUSTAKA